Responses for Show #4903 - Wednesday, December 28, 2005

Contestants

[<< previous game]

Kevin Gomes, a training and educational design specialist originally from Grand Island, Nebraska

Leslie Hickey, an educational director from Cleveland, Ohio

Rex Babiera, a learning consultant from Chicago, Illinois (whose 1-day cash winnings total $22,900)

[next game >>]

Jeopardy! Round responses

LET'S LEARN LATVIAN
ENTERTAINMENT AWARDS
GET YOUR GROUP TOGETHER
OBSTACLES
GOING "KNOT"S!
FIX THE PROVERB
    $200 4
amber

Rex
    $200 2
Jack

Rex
    $200 1
the Gestapo

Triple Stumper
    $200 6
a roadblock

Rex
    $200 14
to tie the knot

Leslie
    $200 12
Physician, heal thyself!

Leslie
    $400 5
(Leslie: What is yesterday?)

the day after tomorrow

Leslie
Triple Stumper
    $400 3
(Leslie: Who is Steve Martin?)

Robin Williams

Leslie
Triple Stumper
    $400 18
(Alex: Ah, the Franciscans and [*].)

the Jesuits

Triple Stumper
    $400 7
a hurdle

Rex
    $400 20
Knots Landing

Leslie
    $400 13
Clothes make the man

Rex
    $600 19
(Rex: What is a restaurant?)
...
(Alex: Kino, think of [*], same sss-sort of setup at the beginning. [*] is right.)

cinema

Rex
Triple Stumper
    $600 11
Tony Shalhoub

Leslie
    $600 26
(Kevin: What is the Air Force?)

the Green Berets

Kevin
Triple Stumper
    $600 8
a gated community

Rex
    $600 21
a square knot

Rex
    $600 15
(Alex: They're kind of weird, I'll admit.)

One man's meat is another man's poison

Triple Stumper
    $800 28
Russian

Rex
    $800 17
(John) Mahoney

Rex
    $800 27
Franks

Triple Stumper
    $800 9
limit

Kevin
    $800 22
knotty pine

Leslie
    $800 16
Hope for the best but prepare for the worst

Kevin
    $1000 29
maize

Triple Stumper
    $1000 25
Sammy Davis Jr.

Rex
    $1,000 30
the Latins

Rex
    $1000 10
(Kevin: What are brigades?)
...
(Alex: Kevin, I believe you misspoke. You said brigades instead of [*].)

barricades

Kevin
Triple Stumper
    $1000 23
(Alex: Until Alexander the Great came along and hacked it with his sword--[*].)

the Gordian knot

Triple Stumper
    $1000 24
Time and tide wait for no man

Rex

Scores at the first commercial break (after clue 15):

Rex Leslie Kevin
$2,000 $200 -$200

Scores at the end of the Jeopardy! Round:

Rex Leslie Kevin
$6,600 $1,400 $0

Double Jeopardy! Round responses

ARCHITECTURE
MOVIE QUOTES
(Alex: ...we'll give you the quote, you identify the film for us.)
AMERICAN WOMEN
CLEVELAND ROCKS!
HAIR TODAY
"GON" TOMORROW
    $400 9
(Kevin: What's a piazza?)

villas

Kevin
Triple Stumper
    $400 1
Dr. Strangelove (or: How I Learned to Stop Worrying and Love the Bomb)

Rex
    $400 6
The Drew Carey Show

Leslie
    $400 11
(Rex: What is pregnant?)
(Kevin: What is married?)

single

RexLeslieKevin
    $400 20
a gondola

Rex
    $800 10
ornament

Triple Stumper
    $800 2
The Karate Kid

Kevin
    $800 7
The Plain Dealer

Kevin
    $800 13
to tease

Leslie
    $800 21
trigonometry

Rex
    $1,200 17
(Rex: What is New Zealand?)

Hong Kong

Rex
    $1200 3
(Alex: I guess it is.)

Marathon Man

Triple Stumper
    $2,000 26
(Kevin: Who is Anne Adams?)
(Alex: No. You had to think Babette, the initial "B". [*]. [*].)
[The end-of-round signal sounds.]

Alice B. Toklas

Kevin
    $1200 8
the Rock & Roll Hall of Fame

Rex
    $1200 15
(Rex: What is a beard?)

a mustache

RexLeslie
    $1200 22
Algonquin

Kevin
    $1600 18
Romanesque

Rex
    $1600 4
Clueless

Kevin
    $1600 12
(Leslie: Uh, what is Cleveland Harbor?)

the St. Lawrence Seaway

LeslieKevin
    $1600 16
its legs

Rex
    $1600 23
tarragon

Triple Stumper
    $2000 19
Daniel Libeskind

Triple Stumper
    $2000 5
Dirty Dancing

Leslie
    $2000 14
Carl Stokes

Triple Stumper
    $2000 25
(Rex: What is the trunk?)
...
(Alex: Had to go to the other end of the elephant--[*].)

the tip of the tail

Rex
Triple Stumper
    $2000 24
Fragonard

Triple Stumper

Scores at the end of the Double Jeopardy! Round:

Rex Leslie Kevin
$7,800 $4,600 $3,200

[wagering suggestions for these scores]

Final Jeopardy! Round responses

PULITZER PRIZE-WINNING PLAYS
(Alex: The beginning of this line gives us the title of the play. Kevin, we come to you first. "What is [*]?" We didn't have enough in there of "Desire", and so we have to rule against you.)
KevinWhat is A Streetcar Named Des
$3,200
LeslieWhat is Bus Trip?
$2,000
RexWhat is A Streetcar Named Desire?
$1,500
A Streetcar Named Desire

Final scores:

Rex Leslie Kevin
$9,300 $2,600 $0
2-day champion: $32,200 2nd place: $2,000 3rd place: $1,000

Game dynamics:

Coryat scores:

Rex Leslie Kevin
$9,000 $4,600 $5,200
18 R
(including 1 DD),
5 W
(including 1 DD)
10 R,
3 W
7 R,
5 W
(including 1 DD)

Combined Coryat: $18,800

[game clues] [game scores] [suggest correction]

Game tape date: 2005-10-18
The J! Archive is created by fans, for fans. Scraping, republication, monetization, and malicious use prohibited; this site may use cookies and collect identifying information. See terms. The Jeopardy! game show and all elements thereof, including but not limited to copyright and trademark thereto, are the property of Jeopardy Productions, Inc. and are protected under law. This website is not affiliated with, sponsored by, or operated by Jeopardy Productions, Inc. Join the discussion at JBoard.tv.